000 00635nam a2200217Ia 4500
003 IN-BaIIA
008 211028s9999 xx 000 0 eng d
020 _a978-1-4614-8796-8
040 _cIIA Library
080 _a52(082.1)
_bASS-402
100 _aHuebner, Walter F
_936204
245 0 _aOpacity
_cWalter F. Huebner and W. David Barfield
260 _aNew York
_bSpringer
_c2014
300 _axviii, 572p.
490 _aAstrophysics and space science library; v. 402
650 _aLight absorption
_914493
650 _aOpacity (Optics)
_936205
650 _aPhysics
_973
700 _aBarfield, W. David
_936206
942 _cBK
999 _c18963
_d18963